书目信息 |
| 题名: |
新语词大词典
|
|
| 作者: | 韩明安 主编 | |
| 分册: | ||
| 出版信息: | 哈尔滨 黑龙江人民出版社 1991.7 |
|
| 页数: | 777页 | |
| 开本: | 26cm | |
| 丛书名: | ||
| 单 册: | ||
| 中图分类: | H164 | |
| 科图分类: | ||
| 主题词: | 汉语--词典 | |
| 电子资源: | ||
| ISBN: | 7-207-01949-1 | |
| 000 | 00598nam0 2200217 45 | |
| 001 | 0192007884 | |
| 005 | 20050428111738.6 | |
| 010 | @a7-207-01949-1@b精装@dCNY36.50 | |
| 020 | @aCN@b92007884 | |
| 100 | @a19920806d1991 kemy0chiy0121 ea | |
| 101 | 0 | @achi |
| 102 | @aCN@b230000 | |
| 105 | @ay e 001yy | |
| 200 | 10 | @a新语词大词典@Axin yu ci da ci dian@f韩明安主编@Fhan ming an zhu bian |
| 210 | @a哈尔滨@c黑龙江人民出版社@d1991.7 | |
| 215 | @a777页@d26cm | |
| 606 | @a汉语@x词典 | |
| 690 | @aH164@v3 | |
| 701 | 0 | @a韩明安@4主编 |
| 801 | 0 | @aCN@bNLC@c19920806 |
| 905 | @dH164@e100=2@b247235@f1 | |
| 新语词大词典/韩明安主编.-哈尔滨:黑龙江人民出版社,1991.7 |
| 777页;26cm |
| ISBN 7-207-01949-1(精装):CNY36.50 |
| ● |
| 相关链接 |
|
|
|
|
正题名:新语词大词典
索取号:H164/100=2
 
预约/预借
| 序号 | 登录号 | 条形码 | 馆藏地/架位号 | 状态 | 备注 |
| 1 | 0244861 | 001560536 | 密集书库/ [索取号:H164/100=2] | 在馆 | |
| 2 | 0244862 | 202073317 | 第二样本阅览室/ [索取号:H164/100=2] | 在馆 | |
| 3 | 0247235 | 001560493 | 密集书库/ [索取号:H164/100=2] | 在馆 | |
| 4 | 0247236 | 001560509 | 密集书库/ [索取号:H164/100=2] | 在馆 |